000 00602cam a2200217 4500
008 090401t1985 xxu||||| |||| 00| 0 eng d
020 _a0907004458
035 _a(Sirsi) u44686
041 _aeng
050 _a333.337016
110 _aInvestors Chronicle
_92657
245 _aICHP rent index : the effect of tourism on control London shop rents
260 _aLondon
_bHillier Parker May and Rowden
_c1985
300 _a(4)p. ; 30cm.
350 _a0
490 _aResearch Report
_v8
650 _aSHOPS
710 _aHillier Parker May and Rowden
_92042
942 _n0
948 _c04/03/1997
999 _c91579
_d91579